000 00357nam a2200169Ia 4500
100 _aGodbole/Achyut S
650 _aOperating systems
250 _a3
942 _cBK
366 _f25
245 _aOperating Systems
260 _bTata Mc Graw hill Ltd.
_c2011
082 _a5.43
_bGOD
300 _a665
546 _aENGLISH
_cComputers
999 _c34427
_d34427